| 000 | 00676nam a2200253Ia 4500 | ||
|---|---|---|---|
| 003 | OSt | ||
| 005 | 20220926010623.0 | ||
| 006 | a|||||r|||| 00| 0 | ||
| 007 | ta | ||
| 008 | 220923b |||||||| |||| 00| 0 eng d | ||
| 037 | _cGeneral Book | ||
| 040 |
_aRTL _cRTL _beng |
||
| 041 |
_2eng _aeng |
||
| 082 | _aR2, L6 | ||
| 100 |
_aMacRae Duncan _991707 |
||
| 245 | 0 | _aSocial function of social science | |
| 260 |
_aNew Haven _bYale University Press _c1976 |
||
| 300 |
_axv, 352p _ccm. |
||
| 500 | _aBibliography: P 309-36 | ||
| 650 | _a Philosophy | ||
| 650 | _aEpistemology | ||
| 942 |
_hR2, L6 _cGB _2CC |
||
| 999 |
_c617784 _d617784 |
||